Veronika decide morrer (Record no. 45409)

MARC details
000 -Etiqueta do registo
Valores 00542cam a2200217 4500
010 ## - Número ISBN
ISBN 9727112943
021 ## - Número do Depósito Legal
Número 139634/99
100 ## - Dados gerais de processamento
Dados gerais 20000329d1999 m y0pory5003 ba
101 0# - Língua de publicação
Língua por
102 ## - País de publicação
País PT
200 1# - Titulo e menção de responsabilidade
Título próprio Veronika decide morrer
Primeira menção de responsabilidade Paulo Coelho
205 ## - Menção da edição
Edição 1.ª ed.
210 #9 - Publicação
Local de publicação Lisboa
Nome do editor Pergaminho,
Data de publicação 1999
215 ## - Descrição física 
Paginação / Volumes 242, [6] p.
Dimensões 23 cm
225 2# - Colecção 
Título próprio da colecção Obras de Paulo Coelho
Indicação de volume 7
675 ## - CDU
Notação 821.134.3(81)-31"19/20"
Edição BN
Língua por
700 #1 - Autor principal
Apelido Coelho,
Nome Paulo,
Datas 1947-
801 ## - Fonte de origem
País PT
Regras de catalogação RPC
990 ## - Elementos KOHA
Tipo de documento Livro
Holdings
Aquisição Empréstimo Código de barras Cota Permissão de empréstimo Tipo de documento
Biblioteca Escolar Doutor Hernâni Cidade Biblioteca Escolar Doutor Hernâni Cidade 81668 82-31 COE ROMANCE   Livro

Powered by Koha